| 000 | 00575nam a2200205 i 4500 | ||
|---|---|---|---|
| 001 | 93998 | ||
| 003 | ES-MaACL | ||
| 005 | 20250907063055.0 | ||
| 007 | t| | ||
| 008 | 050426s1965 sp a |||| | spa d | ||
| 080 | _a821.134.2-14"19" | ||
| 100 | 1 |
_aLópez Ruiz, José, _d1906- _9162455 |
|
| 245 | 1 | 0 |
_aEscala en el Sur / _cJosé López Ruiz. |
| 260 |
_aMadrid : _bEditora Nacional, _c1965. |
||
| 300 |
_aXIV, 134 p. : _bil. ; _c22 cm. |
||
| 490 | 1 |
_aPoesía ; _v17 |
|
| 830 | 0 |
_aPoesía ; _v17 _9177794 |
|
| 852 |
_aES-MaACL _jC-27137 |
||
| 999 |
_c93998 _d93998 |
||